000 00585cam a2200145 4500500
005 20260208005217.0
041 _afre
042 _adc
100 1 0 _aBacot, Jean-Pierre
_eauthor
245 0 0 _aRobert Rossi, L’arme du rire. La presse satirique radicale à Marseille face à la République monarchiste, 1871-1879, Marseille, Via Valeriano, 2004, 256 p.
260 _c2006.
500 _a12
786 0 _nRevue historique | 637 | 1 | 2006-03-01 | p. 139zk-235zk | 0035-3264
856 4 1 _uhttps://shs.cairn.info/revue-historique-2006-1-page-139zk?lang=fr&redirect-ssocas=7080
999 _c1651035
_d1651035